Správa o postavení a právach príslušníkov národnostných menšín za rok ...

Bibliographic Details
Format: Serial
Language:Slovak
PhysicalDescription:zv. grafy, tab. 30 cm
Published: [Bratislava Úrad splnomocnenca vlády SR pre národnostné menšiny] 2013-
Bratislava Úrad vlády SR
ISBN:9788097149314 (brož. : 2012)
Subjects:
Online Access:http://www.narodnostnemensiny.gov.sk/spravy-a-koncepcne-materialy/

MARC

LEADER 00000cas a2200000 a 4500
001 vtls010642779
003 SK-MaSNL
005 20260425194146.0
008 160301c20139999xo gr| 0 b0slo
015 |a SNBB2016-(r. 2012, r. 2013)  |a SNBB2019-(r. 2017/2018)  |a SNBB2022-(r. 2019/2020) 
020 |a 9788097149314 (brož. : 2012) 
040 |a SVKBB  |b slo  |c SVKBB  |d SNK  |e AACR2 
041 0 |a slo 
043 |a e-xo--- 
044 |a xo  |c SK 
072 7 |a 323  |x Vnútropolitický vývoj, politický život  |2 konspekt 
080 |a 323.15  |2 2011 
080 |a 341.234  |2 2011 
080 |a (047)  |2 2011 
080 |a 314.113:323.1  |2 2011 
080 |a (058)  |2 2011 
080 |a (437.6)  |2 2011 
245 0 0 |a Správa o postavení a právach príslušníkov národnostných menšín za rok ... 
246 1 3 |a Správa o postavení a právach príslušníkov národnostných menšín za obdobie rokov ... - ...  |f 2017- 
260 3 |3 2014-  |a [Bratislava  |b Úrad splnomocnenca vlády SR pre národnostné menšiny] 
260 |a Bratislava  |b Úrad vlády SR  |c 2013- 
300 |a zv.  |b grafy, tab.  |c 30 cm 
310 |a 1x za 2 roky  |b 2017- 
321 |a 1x ročne 
362 0 |a 2012- 
500 |a Súčasťou názvu je označenie roku resp. rozpätia rokov 
650 0 7 |a národnostné menšiny  |2 SNKPH  |9 2669 
650 0 7 |a práva menšín  |2 SNKPH  |9 2259 
650 0 7 |a Ethnic minorities  |2 SNKPHeng  |9 265191 
650 0 7 |a Rights of minorities  |2 SNKPHeng  |9 268664 
650 0 7 |a národnostná politika  |2 SNKPH  |9 4656 
650 0 7 |a Nationality policy  |2 SNKPHeng  |9 266820 
651 7 |a Slovensko  |2 SNKPHgeo  |9 14231 
651 7 |a Slovakia  |2 SNKPHeng  |9 92630 
655 7 |a správy  |2 SNKPH  |9 70563 
655 7 |a Reports  |2 SNKPHeng  |9 265694 
655 7 |a ročenky  |2 SNKPH  |9 57146 
655 7 |a Yearbooks  |2 SNKPHeng  |9 120938 
856 4 1 |u http://www.narodnostnemensiny.gov.sk/spravy-a-koncepcne-materialy/ 
910 |a snk 
919 |a 978-80-971493-1-4 
999 |c 5443  |d 7373 
952 |a SNK  |b SNK  |y PREZ  |7 0  |p 17A1462353  |o snkČSB 6099/2019-2020  |i snk2022/11010  |8 0  |z Vydané v r. 2021  |0 0  |1 0  |4 0  |d 2022-07-06  |l 0  |r 2026-02-21 20:02:40  |w 2026-02-21 
952 |a SNK  |b SNK  |y PREZ  |7 0  |p 17A1098208  |o snkČSB 6099/2012  |i snk2016/6071  |8 0  |0 0  |1 0  |4 0  |d 2016-03-01  |l 0  |r 2026-02-21 22:02:49  |w 2026-02-21 
952 |a SNK  |b SNK  |y PREZ  |7 0  |p 17A1098207  |o snkČSB 6099/2012 D1  |i snk2016/6072  |8 0  |0 0  |1 0  |4 0  |d 2016-03-01  |l 0  |r 2026-02-21 22:02:50  |w 2026-02-21 
952 |a SNK  |b SNK  |y PREZ  |7 0  |p 17A1098206  |o snkČSB 6099/2013  |i snk2016/6073  |8 0  |0 0  |1 0  |4 0  |d 2016-03-01  |l 0  |r 2026-02-21 22:02:50  |w 2026-02-21 
952 |a SNK  |b SNK  |y PREZ  |7 0  |p 17A1382656  |o snkČSB 6099/2017-2018  |i snk2019/31341  |8 0  |0 0  |1 0  |4 0  |d 2019-12-04  |l 0  |r 2026-02-21 22:15:28  |w 2026-02-21